Εκπαίδευση και διαπολιτισμική επικοινωνία : πρακτικά 1ου συνεδρίου Ελλάδας - Δημοκρατιών πρώην Σοβιετικής Ένωσης
Αποθηκεύτηκε σε:
| Συγγραφή απο Οργανισμό/Αρχή: | |
|---|---|
| Μορφή: | Πρακτικό Συνεδρίου Βιβλίο |
| Γλώσσα: | Greek |
| Δημοσίευση: |
Πάτρα :
[χ.ό.],
1994
|
| Θέματα: | |
| Ετικέτες: |
Προσθήκη ετικέτας
Δεν υπάρχουν, Καταχωρήστε ετικέτα πρώτοι!
|
MARC
| LEADER | 00000nam a2200000 i 4500 | ||
|---|---|---|---|
| 001 | 1/12506 | ||
| 008 | 001003s1994 gre d | ||
| 035 | |l 10064235 | ||
| 040 | |a GR-MY-UA |b gre |e aacr | ||
| 041 | 0 | |a gre | |
| 082 | 0 | |a 303.482 | |
| 111 | 2 | |a Συνέδριο Ελλάδας - Δημοκρατιών πρώην Σοβιετικής Ένωσης |c (1ο : |d 1994 : |n Πάτρα) | |
| 245 | 1 | 0 | |a Εκπαίδευση και διαπολιτισμική επικοινωνία : |b πρακτικά 1ου συνεδρίου Ελλάδας - Δημοκρατιών πρώην Σοβιετικής Ένωσης |
| 260 | |a Πάτρα : |b [χ.ό.], |c 1994 | ||
| 300 | |a 304 σ.; |c 25 cm | ||
| 650 | 0 | 0 | |a Intercultural communication. |
| 650 | 0 | 0 | |a Greeks |z Former Soviet republics |x Education. |
| 650 | 0 | 0 | |a Education |z Former Soviet republics. |
| 852 | |a INST |b RHODES |e 20001003 |h 303.482 ΕΚΠ |p 005400006860 |q 005400006860 |t BK |y 0 | ||
| 852 | |a INST |b RHODES |e 20001003 |h 303.482 ΕΚΠ |p 005400007014 |q 005400007014 |t BK |y 0 | ||
| 909 | |a Ρ |b 048734 | ||
| 909 | |a Ρ |b 041986 | ||
| 922 | |a 4ΔΩΡ |b 199611 | ||
| 970 | |z 2000/09/ΔΕΜΕΝΑΓΑΣ (ELIDOC) | ||